Some aspects of economic development in India since independence. (Record no. 60072)

MARC details
000 -LEADER
fixed length control field 00658cam a22002411 4500
001 - CONTROL NUMBER
control field sa 64007144
003 - CONTROL NUMBER IDENTIFIER
control field DLC
005 - DATE AND TIME OF LATEST TRANSACTION
control field 20260227112044.0
008 - FIXED-LENGTH DATA ELEMENTS--GENERAL INFORMATION
fixed length control field 880304s1961 ii 000 0 eng
010 ## - LIBRARY OF CONGRESS CONTROL NUMBER
LC control number sa 64007144
025 ## - OVERSEAS ACQUISITION NUMBER
Overseas acquisition number PL480:I-E-3057
035 ## - SYSTEM CONTROL NUMBER
System control number (OCoLC)17576979
040 ## - CATALOGING SOURCE
Original cataloging agency DLC
Transcribing agency WaU
Modifying agency DLC
042 ## - AUTHENTICATION CODE
Authentication code premarc
050 00 - LIBRARY OF CONGRESS CALL NUMBER
Classification number HC440.C3
Item number R6
100 1# - MAIN ENTRY--PERSONAL NAME
Personal name Roy, Ajit.
245 10 - TITLE STATEMENT
Title Some aspects of economic development in India since independence.
260 ## - PUBLICATION, DISTRIBUTION, ETC.
Place of publication, distribution, etc. Calcutta
Name of publisher, distributor, etc. [R. Gupta,
Date of publication, distribution, etc. 1961]
300 ## - PHYSICAL DESCRIPTION
Extent 53 p.
Dimensions 22 cm.
490 0# - SERIES STATEMENT
Series statement Occasional studies series,
Volume/sequential designation no. 1
650 #0 - SUBJECT ADDED ENTRY--TOPICAL TERM
Topical term or geographic name entry element Capital
Geographic subdivision India.
651 #0 - SUBJECT ADDED ENTRY--GEOGRAPHIC NAME
Geographic name India
General subdivision Economic policy.

No items available.

Powered by Koha